[Event "Tenerife-chT Primera 1516"]
[Site "Tenerife"]
[Date "2016.02.27"]
[Round "8.4"]
[White "Guillermo Gonzalez, Alvaro"]
[Black "Sosa Sosa, Jose Manuel"]
[Result "1-0"]
[WhiteElo "1378"]
[BlackElo "1547"]
[PlyCount "89"]
[EventDate "2015.12.12"]
[EventType "team-tourn"]
[EventRounds "14"]
[EventCountry "ESP"]
[SourceTitle "EXT 2017"]
[Source "ChessBase"]
[SourceDate "2016.10.25"]
[SourceVersion "1"]
[SourceVersionDate "2016.10.25"]
[SourceQuality "1"]
[WhiteTeam "Universidad II"]
[BlackTeam "Achinet Gambito de Rey"]
[WhiteTeamCountry "ESP"]
[BlackTeamCountry "ESP"]

1. e4 c5 2. Nf3 d6 3. d4 cxd4 4. Nxd4 Nf6 5. Nc3 g6 6. Be3 Bg7 7. f3 0-0 8. Qd2 Nc6 9. 0-0-0 Bd7 10. Bc4 Rc8 11. Bb3 a5 12. g4 Ne5 13. a4 Nc4 14. Bxc4 Rxc4 15. h4 Qc7 16. Ndb5 Bxb5 17. Nxb5 Rxa4 18. Kb1 Qc4 19. Nc3 Rb4 20. Ka1 Nd7 21. Bh6 Bxh6 22. Qxh6 Rc8 23. h5 Qe6 24. hxg6 Qxg6 25. Qxg6+ hxg6 26. Nd5 Ra4+ 27. Kb1 Re8 28. b3 Rb4 29. Nxb4 axb4 30. Rd4 Ne5 31. Rxb4 Nxf3 32. Rxb7 Nd2+ 33. Kb2 Nxe4 34. Re1 d5 35. Rb5 e6 36. c4 Nf2 37. Re2 Nd3+ 38. Kc3 dxc4 39. bxc4 Nf4 40. Re4 Nh3 41. g5 Re7 42. Rh4 Nf2 43. Rb8+ Kg7 44. Kb3 f5 45. Rbh8 1-0

[Event "Tenerife-chT Primera 1516"]
[Site "Tenerife"]
[Date "2016.01.16"]
[Round "4.4"]
[White "Sosa Sosa, Jose Manuel"]
[Black "Rodriguez Sabater, Lucia Iris"]
[Result "1/2-1/2"]
[WhiteElo "1547"]
[BlackElo "1544"]
[PlyCount "59"]
[EventDate "2015.12.12"]
[EventType "team-tourn"]
[EventRounds "14"]
[EventCountry "ESP"]
[SourceTitle "CBM 170 Extra"]
[Source "ChessBase"]
[SourceDate "2016.02.25"]
[SourceVersion "1"]
[SourceVersionDate "2016.02.25"]
[SourceQuality "1"]
[WhiteTeam "Achinet Gambito de Rey"]
[BlackTeam "El Sauzal II"]
[WhiteTeamCountry "ESP"]
[BlackTeamCountry "ESP"]

1. c4 e5 2. Nc3 Nf6 3. g3 Nc6 4. Bg2 Bc5 5. Nf3 d6 6. d3 h6 7. a3 Bd7 8. b4 Bb6 9. 0-0 0-0 10. Na4 Qc8 11. Nxb6 axb6 12. e3 Nxb4 13. Bb2 Nc6 14. d4 e4 15. Nd2 Bf5 16. f4 Re8 17. Qc2 d5 18. Qb3 Qd7 19. Rac1 dxc4 20. Qxc4 Be6 21. Qc2 Bf5 22. Qc4 Nd5 23. Rfe1 Na5 24. Qc2 Qe6 25. Nc4 f6 26. Re2 Bg4 27. Ree1 Bf3 28. Nd2 Qg4 29. Kf2 Bxg2 30. Kxg2 1/2-1/2

[Event "Santa Cruz de Tenerife op 26th"]
[Site "Santa Cruz de Tenerife"]
[Date "2015.12.23"]
[Round "7"]
[White "Sosa Sosa, Jose Manuel"]
[Black "Molina Rodriguez, Borja"]
[Result "0-1"]
[WhiteElo "1547"]
[BlackElo "2182"]
[PlyCount "86"]
[EventDate "2015.12.15"]
[EventType "swiss"]
[EventRounds "9"]
[EventCountry "ESP"]
[SourceTitle "CBM 170 Extra"]
[Source "ChessBase"]
[SourceDate "2016.02.25"]
[SourceVersion "1"]
[SourceVersionDate "2016.02.25"]
[SourceQuality "1"]

1. c4 e5 2. g3 Nf6 3. Nc3 d5 4. cxd5 Nxd5 5. Bg2 Nb6 6. Nf3 Nc6 7. 0-0 Be7 8. a3 0-0 9. b4 Be6 10. d3 Nd4 11. Nxe5 Bf6 12. Nc4 Nxc4 13. dxc4 Bxc4 14. Rb1 Re8 15. Kh1 Nxe2 16. Qxd8 Raxd8 17. Nxe2 Bxe2 18. Rg1 Bd4 19. Be3 Bxe3 20. fxe3 c6 21. e4 Rd3 22. a4 Red8 23. b5 c5 24. b6 axb6 25. Rxb6 R3d7 26. e5 Ba6 27. Bf3 Re7 28. Re1 c4 29. Reb1 c3 30. Rc1 Rc7 31. e6 fxe6 32. Rxe6 c2 33. Re5 g6 34. Kg2 Rd2+ 35. Kh3 Kg7 36. g4 Rc3 37. g5 Rxf3+ 38. Kg4 Rf7 39. h4 Be2+ 40. Kg3 Bd1 41. Re3 Rdf2 42. Rb3 R7f3+ 43. Rxf3 Rxf3+ 0-1

[Event "Santa Cruz de Tenerife op 26th"]
[Site "Santa Cruz de Tenerife"]
[Date "2015.12.22"]
[Round "6"]
[White "Kraus, Oliver"]
[Black "Sosa Sosa, Jose Manuel"]
[Result "1-0"]
[WhiteElo "1985"]
[BlackElo "1547"]
[PlyCount "63"]
[EventDate "2015.12.15"]
[EventType "swiss"]
[EventRounds "9"]
[EventCountry "ESP"]
[SourceTitle "CBM 170 Extra"]
[Source "ChessBase"]
[SourceDate "2016.02.25"]
[SourceVersion "1"]
[SourceVersionDate "2016.02.25"]
[SourceQuality "1"]

1. e4 c5 2. Nc3 Nc6 3. f4 g6 4. Nf3 Bg7 5. Bc4 d6 6. 0-0 e6 7. d3 Nge7 8. f5 gxf5 9. Qe1 fxe4 10. dxe4 Qb6 11. Qh4 Qb4 12. Bb5 Bd7 13. a3 Qa5 14. Bxc6 Bxc6 15. Bg5 Ng6 16. Qg3 f6 17. Bd2 Qc7 18. b4 cxb4 19. axb4 Qb6+ 20. Kh1 Qxb4 21. Nd5 Qxe4 22. Nc7+ Ke7 23. Rae1 Qxc2 24. Rxe6+ Kf7 25. Ng5+ Kg8 26. Rxd6 fxg5 27. Nxa8 Be5 28. Qg4 Bxd6 29. Qe6+ Kg7 30. Qf6+ Kh6 31. Qxg5+ Kg7 32. Qf6+ 1-0

[Event "Santa Cruz de Tenerife op 26th"]
[Site "Santa Cruz de Tenerife"]
[Date "2015.12.18"]
[Round "4"]
[White "Gil Ojeda, Jorge"]
[Black "Sosa Sosa, Jose Manuel"]
[Result "0-1"]
[WhiteElo "1446"]
[BlackElo "1547"]
[PlyCount "96"]
[EventDate "2015.12.15"]
[EventType "swiss"]
[EventRounds "9"]
[EventCountry "ESP"]
[SourceTitle "CBM 170 Extra"]
[Source "ChessBase"]
[SourceDate "2016.02.25"]
[SourceVersion "1"]
[SourceVersionDate "2016.02.25"]
[SourceQuality "1"]

1. e4 c5 2. Nf3 d6 3. d4 cxd4 4. Nxd4 Nf6 5. Nc3 g6 6. Be3 Bg7 7. f3 0-0 8. Qd2 Nc6 9. Bc4 Bd7 10. Bb3 Rc8 11. 0-0-0 Ne5 12. Bh6 a5 13. Bxg7 Kxg7 14. h4 Nc4 15. Bxc4 Rxc4 16. g4 h5 17. gxh5 Nxh5 18. Nf5+ Bxf5 19. exf5 Rf4 20. Rdf1 Rxf5 21. Rhg1 e6 22. Qd4+ Qf6 23. Qxd6 Rxf3 24. Rxf3 Qxf3 25. Qe5+ Kg8 26. Kb1 Qf2 27. Qg5 Rc8 28. a3 Qc5 29. Rg2 Kg7 30. Ne4 Qxg5 31. Rxg5 f5 32. Nd6 Rb8 33. Nc4 Kf6 34. Nxa5 b5 35. Nc6 Rc8 36. Rxg6+ Kxg6 37. Ne7+ Kh6 38. Nxc8 f4 39. Nd6 Ng3 40. Nf7+ Kh5 41. Ne5 Kxh4 42. Kc1 Ne4 43. Kd1 Kg3 44. Ke2 Kg2 45. Ng4 f3+ 46. Kd3 Nf2+ 47. Nxf2 Kxf2 48. Kd2 Kg2 0-1

[Event "Santa Cruz de Tenerife op 26th"]
[Site "Santa Cruz de Tenerife"]
[Date "2015.12.16"]
[Round "2"]
[White "Perez Garcia, Jimena"]
[Black "Sosa Sosa, Jose Manuel"]
[Result "0-1"]
[WhiteElo "1350"]
[BlackElo "1547"]
[PlyCount "64"]
[EventDate "2015.12.15"]
[EventType "swiss"]
[EventRounds "9"]
[EventCountry "ESP"]
[SourceTitle "CBM 170 Extra"]
[Source "ChessBase"]
[SourceDate "2016.02.25"]
[SourceVersion "1"]
[SourceVersionDate "2016.02.25"]
[SourceQuality "1"]

1. d4 Nf6 2. c4 e5 3. d5 Bb4+ 4. Bd2 a5 5. a3 Bxd2+ 6. Nxd2 d6 7. e4 0-0 8. Bd3 Bg4 9. f3 Bh5 10. Ne2 Na6 11. 0-0 c6 12. Kh1 cxd5 13. exd5 Nc5 14. Bc2 Re8 15. Ng3 Bg6 16. Bxg6 fxg6 17. Nge4 Nfxe4 18. Nxe4 b6 19. Rb1 Rc8 20. Qc2 Rf8 21. b4 axb4 22. axb4 Nxe4 23. Qxe4 Rf4 24. Qc2 Rcxc4 25. Qa4 Qc8 26. Qb5 Qc7 27. g3 Rf8 28. Ra1 h5 29. Ra3 Rc1 30. Kg2 Rc2+ 31. Kh1 Qc8 32. Raa1 Qh3 0-1

[Event "Tenerife-chT Primera 1516"]
[Site "Tenerife"]
[Date "2015.12.12"]
[Round "1.3"]
[White "Lorenzo Ventura, Abel"]
[Black "Sosa Sosa, Jose Manuel"]
[Result "0-1"]
[WhiteElo "1569"]
[BlackElo "1547"]
[PlyCount "54"]
[EventDate "2015.12.12"]
[EventType "team-tourn"]
[EventRounds "14"]
[EventCountry "ESP"]
[SourceTitle "CBM 170 Extra"]
[Source "ChessBase"]
[SourceDate "2016.02.25"]
[SourceVersion "1"]
[SourceVersionDate "2016.02.25"]
[SourceQuality "1"]
[WhiteTeam "Universidad II"]
[BlackTeam "Achinet Gambito de Rey"]
[WhiteTeamCountry "ESP"]
[BlackTeamCountry "ESP"]

1. d4 Nf6 2. c4 e5 3. e3 Bb4+ 4. Bd2 Qe7 5. a3 Bxd2+ 6. Qxd2 exd4 7. Qxd4 Nc6 8. Qd1 d6 9. Nf3 Bg4 10. Be2 Ne5 11. 0-0 0-0 12. Nbd2 Rad8 13. Nxe5 dxe5 14. Bxg4 Nxg4 15. Qc2 f5 16. Rad1 Rd6 17. h3 Rh6 18. Nf3 e4 19. Nd4 Ne5 20. Ne2 Qg5 21. Nf4 Qe7 22. Qc3 c6 23. Kh2 g5 24. Ne2 Qc7 25. Kg1 Rxh3 26. f4 exf3 27. gxh3 fxe2 0-1

[Event "Tenerife Autumn op"]
[Site "Tenerife"]
[Date "2015.10.23"]
[Round "6"]
[White "Rodriguez Redondo, Adhara"]
[Black "Sosa Sosa, Jose Manuel"]
[Result "1-0"]
[WhiteElo "1643"]
[BlackElo "1526"]
[PlyCount "39"]
[EventDate "2015.10.14"]
[EventType "swiss"]
[EventRounds "9"]
[EventCountry "ESP"]
[SourceTitle "CBM 169 Extra"]
[Source "ChessBase"]
[SourceDate "2015.12.18"]
[SourceVersion "1"]
[SourceVersionDate "2015.12.18"]
[SourceQuality "1"]

1. e4 e6 2. Nf3 d5 3. exd5 exd5 4. d4 Nc6 5. Bb5 Nge7 6. 0-0 a6 7. Ba4 Bg4 8. c3 b5 9. Bc2 Qd7 10. Re1 0-0-0 11. Nbd2 Na5 12. a4 f6 13. axb5 Qxb5 14. Qe2 Nb7 15. Bd3 Qd7 16. Bxa6 Qc6 17. Bb5 Kb8 18. Bxc6 Nxc6 19. Qa6 Kc8 20. Qxc6 1-0

[Event "Tenerife-chT Primera"]
[Site "Tenerife"]
[Date "2015.06.06"]
[Round "14.2"]
[White "Sosa Sosa, Jose Manuel"]
[Black "Perez Celis, Alba"]
[Result "0-1"]
[WhiteElo "1536"]
[BlackElo "1739"]
[PlyCount "112"]
[EventDate "2015.01.24"]
[EventType "swiss"]
[EventRounds "14"]
[EventCountry "ESP"]
[SourceTitle "EXT 2024"]
[Source "ChessBase"]
[SourceDate "2023.10.10"]
[SourceVersion "1"]
[SourceVersionDate "2023.10.10"]
[SourceQuality "1"]
[WhiteTeam "Achinet Gambito de Rey"]
[BlackTeam "Laguna Cotelec II"]
[WhiteTeamCountry "ESP"]
[BlackTeamCountry "ESP"]

1. d4 d5 2. c4 e6 3. Nc3 Nf6 4. e3 c6 5. Nf3 Be7 6. Bd3 0-0 7. 0-0 dxc4 8. Bxc4 b5 9. Bd3 Bb7 10. a3 Nbd7 11. Bd2 a5 12. Ne4 Qb6 13. b4 axb4 14. axb4 Nxe4 15. Bxe4 Nf6 16. Bd3 Nd5 17. Ne5 Qc7 18. Qh5 Nf6 19. Qh4 g6 20. e4 Nd5 21. Qg3 Nxb4 22. Nxg6 Qxg3 23. Nxe7+ Kg7 24. fxg3 Nxd3 25. d5 cxd5 26. exd5 Rxa1 27. Rxa1 Bxd5 28. Bc3+ f6 29. Ra7 Rf7 30. Bd4 Be4 31. Kf1 e5 32. Be3 Kf8 33. Nc8 Rxa7 34. Nxa7 b4 35. Nb5 b3 36. Nc3 b2 37. Ke2 Kf7 38. Bd2 Nc1+ 39. Kd1 Nb3 40. Be3 b1Q+ 41. Nxb1 Bxb1 42. Ke1 Na1 43. Ke2 e4 44. h4 h5 45. Kd2 Bd3 46. Bf4 f5 47. Ke3 Nc2+ 48. Kf2 Ke6 49. Bd2 Kd5 50. Bc1 Kd4 51. Bb2+ Kc4 52. Bc1 Kd5 53. Bg5 Bb5 54. Bc1 Kd4 55. Bb2+ Kd3 56. Bc1 Bc6 0-1

[Event "Santa Cruz de Tenerife op 25th"]
[Site "Santa Cruz de Tenerife"]
[Date "2014.12.17"]
[Round "3"]
[White "Perez Barreto, Adrian"]
[Black "Sosa Sosa, Jose Manuel"]
[Result "1/2-1/2"]
[WhiteElo "2063"]
[BlackElo "1536"]
[PlyCount "87"]
[EventDate "2014.12.15"]
[EventType "swiss"]
[EventRounds "9"]
[EventCountry "ESP"]
[SourceTitle "CBM 164 Extra"]
[Source "ChessBase"]
[SourceDate "2015.03.02"]
[SourceVersion "1"]
[SourceVersionDate "2015.03.02"]
[SourceQuality "1"]

1. d4 Nf6 2. c4 c5 3. d5 e6 4. Nc3 exd5 5. cxd5 d6 6. e4 g6 7. f4 Bg7 8. Bb5+ Nfd7 9. a4 0-0 10. Nf3 Na6 11. 0-0 Nb4 12. Re1 a6 13. Bf1 Re8 14. h3 f5 15. Rb1 fxe4 16. Nxe4 Nf6 17. Nc3 Rxe1 18. Nxe1 Bf5 19. Ra1 Ne4 20. Qf3 Bd4+ 21. Kh2 Qe7 22. Ne2 Bf2 23. Nd3 Nxd3 24. Qxd3 Ng3 25. Qd1 Qh4 26. Ra3 Bg4 27. Rc3 Re8 28. Rc2 Nxe2 29. Rxe2 Qg3+ 30. Kh1 Bxe2 31. Bxe2 Bd4 32. Bd2 Qf2 33. Bg4 Bxb2 34. Be6+ Kg7 35. f5 Rf8 36. Bg5 Qg3 37. Be7 Re8 38. f6+ Bxf6 39. Bxf6+ Kxf6 40. Qf1+ Ke5 41. Qa1+ Ke4 42. Qb1+ Qd3 43. Qe1+ Qe3 44. Qb1+ 1/2-1/2

[Event "Tenerife Promocion 6th"]
[Site "Tenerife"]
[Date "2014.04.21"]
[Round "7.5"]
[White "Ruiz Yanes, Jose David"]
[Black "Sosa Sosa, Jose Manuel"]
[Result "0-1"]
[WhiteElo "1435"]
[BlackElo "1574"]
[PlyCount "142"]
[EventDate "2014.03.31"]
[EventType "tourn"]
[EventRounds "9"]
[EventCountry "ESP"]
[SourceTitle "EXT 2024"]
[Source "ChessBase"]
[SourceDate "2023.10.10"]
[SourceVersion "1"]
[SourceVersionDate "2023.10.10"]
[SourceQuality "1"]

1. e4 c5 2. Nf3 Nc6 3. d4 cxd4 4. Nxd4 g6 5. Nc3 Bg7 6. Be3 Nf6 7. Bc4 0-0 8. Bb3 d6 9. f3 a6 10. Qd2 Na5 11. 0-0 b5 12. Nd5 Bb7 13. Nxe7+ Kh8 14. Nd5 Nxb3 15. axb3 Nxd5 16. exd5 Re8 17. c4 bxc4 18. bxc4 Rb8 19. Bh6 Qh4 20. Bxg7+ Kxg7 21. Qf2 Qf4 22. Rfd1 Re3 23. Qg3 Qf6 24. Nc6 Rc8 25. Qf2 Rb3 26. Qd4 Bxc6 27. dxc6 Rxc6 28. Qxf6+ Kxf6 29. Ra2 Ke5 30. Re1+ Kf6 31. Re4 Rb4 32. Kf2 Rcb6 33. Rd4 Rxb2+ 34. Rxb2 Rxb2+ 35. Kg3 Rb6 36. h4 a5 37. Rf4+ Kg7 38. Rd4 Ra6 39. Kf4 a4 40. g4 a3 41. Rd1 a2 42. Ra1 Ra4 43. Ke3 Kf6 44. Kd4 Ke6 45. Re1+ Kd7 46. Ra1 f5 47. Kc3 Ra3+ 48. Kb4 Rxf3 49. gxf5 Rxf5 50. Rxa2 h6 51. Ra7+ Ke6 52. Rg7 g5 53. hxg5 hxg5 54. Rg6+ Ke5 55. Kb5 Kf4+ 56. Kc6 Rc5+ 57. Kxd6 Rxc4 58. Kd5 Ra4 59. Rf6+ Kg3 60. Ke5 g4 61. Rb6 Kg2 62. Rb2+ Kh3 63. Rb3+ Kh4 64. Rb8 g3 65. Rh8+ Kg4 66. Rg8+ Kf3 67. Rf8+ Kg2 68. Rg8 Ra3 69. Kf4 Kf2 70. Kg4 g2 71. Rf8+ Ke2 0-1

[Event "Tenerife-chT Segunda 1314"]
[Site "Tenerife"]
[Date "2013.12.21"]
[Round "2.1"]
[White "Sosa Sosa, Jose Manuel"]
[Black "Hernandez Perez, Javier"]
[Result "1-0"]
[WhiteElo "1579"]
[BlackElo "1481"]
[PlyCount "101"]
[EventDate "2013.12.14"]
[EventType "team-tourn"]
[EventRounds "15"]
[EventCountry "ESP"]
[SourceTitle "EXT 2015"]
[Source "ChessBase"]
[SourceDate "2014.11.20"]
[SourceVersion "1"]
[SourceVersionDate "2014.11.20"]
[SourceQuality "1"]
[WhiteTeam "Achinet Gambito de Rey"]
[BlackTeam "Benito"]
[WhiteTeamCountry "ESP"]
[BlackTeamCountry "ESP"]

1. d4 e6 2. c4 d5 3. e3 c5 4. cxd5 exd5 5. dxc5 Bxc5 6. g3 Nf6 7. Bg2 0-0 8. Ne2 Nc6 9. 0-0 Be6 10. Nbc3 a6 11. a3 Qc7 12. b4 Ba7 13. Bb2 Rad8 14. Nf4 d4 15. Nxe6 fxe6 16. exd4 Nxd4 17. Rc1 Qb8 18. Qe1 h5 19. Ne4 Nxe4 20. Qxe4 e5 21. Kh1 Nc6 22. Qc4+ Kh8 23. Qh4 g6 24. f4 Bd4 25. Ba1 Bxa1 26. Rxa1 Rd4 27. Qg5 Qe8 28. Rae1 Rf5 29. Qh6+ Kg8 30. Be4 Rf6 31. f5 Qf7 32. Qg5 Rxe4 33. Rxe4 Rxf5 34. Rxf5 Qxf5 35. Qxf5 gxf5 36. Rh4 Kg7 37. Rxh5 Kg6 38. Rh8 e4 39. Kg2 Nd4 40. Kf2 Nc2 41. Rb8 Kg5 42. Rxb7 Nxa3 43. Rg7+ Kf6 44. Rc7 Ke5 45. Ke3 Kd5 46. h4 Nb5 47. Rc5+ Ke6 48. h5 Kf6 49. Rc6+ Kg5 50. h6 Kg4 51. h7 1-0

[Event "Tenerife Navidad op 24th"]
[Site "Tenerife"]
[Date "2013.12.18"]
[Round "4"]
[White "Sosa Sosa, Jose Manuel"]
[Black "Fernandez, Kosara"]
[Result "0-1"]
[WhiteElo "1579"]
[BlackElo "1901"]
[PlyCount "70"]
[EventDate "2013.12.13"]
[EventType "swiss"]
[EventRounds "9"]
[EventCountry "ESP"]
[SourceTitle "CBM 158 Extra"]
[Source "ChessBase"]
[SourceDate "2014.02.28"]
[SourceVersion "1"]
[SourceVersionDate "2014.02.28"]
[SourceQuality "1"]

1. d4 d5 2. c4 Nf6 3. e3 e6 4. Nc3 b6 5. Nf3 Nbd7 6. cxd5 exd5 7. Bb5 Bb7 8. 0-0 c6 9. Be2 Bd6 10. a3 0-0 11. b4 Re8 12. b5 c5 13. a4 c4 14. Ba3 Bxa3 15. Rxa3 Qe7 16. Ra1 Rac8 17. Nd2 Qe6 18. h3 h6 19. Bf3 Ne4 20. Qc2 Ndf6 21. a5 Rc7 22. axb6 axb6 23. Ra7 Nxc3 24. Qxc3 Qd7 25. Rb1 Ne4 26. Bxe4 dxe4 27. Nxc4 Qe6 28. Rxb7 Rxb7 29. Qb4 Rc7 30. Ne5 Rc2 31. Ra1 Qf6 32. Rf1 Ra8 33. Ng4 Qf5 34. Qe7 Qxb5 35. Qxe4 Qxf1+ 0-1

[Event "Tenerife Navidad op 24th"]
[Site "Tenerife"]
[Date "2013.12.16"]
[Round "2"]
[White "Hernandez Leon, Sergio"]
[Black "Sosa Sosa, Jose Manuel"]
[Result "1-0"]
[WhiteElo "2101"]
[BlackElo "1579"]
[PlyCount "48"]
[EventDate "2013.12.13"]
[EventType "swiss"]
[EventRounds "9"]
[EventCountry "ESP"]
[SourceTitle "CBM 158 Extra"]
[Source "ChessBase"]
[SourceDate "2014.02.28"]
[SourceVersion "1"]
[SourceVersionDate "2014.02.28"]
[SourceQuality "1"]

1. d4 Nf6 2. c4 d5 3. cxd5 Nxd5 4. e4 Nf6 5. Nc3 g6 6. Bc4 c6 7. a4 a5 8. Nge2 Bg7 9. 0-0 0-0 10. h3 Nbd7 11. f4 Nb6 12. Bb3 e6 13. Be3 Qc7 14. Rc1 Rd8 15. Qe1 Nbd7 16. Qh4 Qb6 17. Ba2 Re8 18. Rc2 e5 19. fxe5 Rxe5 20. Qf2 Re7 21. e5 c5 22. exf6 Qxf6 23. Qxf6 Bxf6 24. Nd5 Re6 1-0

[Event "Tenerife-chT Segunda 1314"]
[Site "Tenerife"]
[Date "2013.12.14"]
[Round "1.2"]
[White "Sosa Sosa, Jose Manuel"]
[Black "Rodriguez Govea, Beatriz"]
[Result "1-0"]
[WhiteElo "1579"]
[BlackElo "1048"]
[PlyCount "71"]
[EventDate "2013.12.14"]
[EventType "team-tourn"]
[EventRounds "15"]
[EventCountry "ESP"]
[SourceTitle "EXT 2015"]
[Source "ChessBase"]
[SourceDate "2014.11.20"]
[SourceVersion "1"]
[SourceVersionDate "2014.11.20"]
[SourceQuality "1"]
[WhiteTeam "Achinet Gambito de Rey"]
[BlackTeam "Valledrez"]
[WhiteTeamCountry "ESP"]
[BlackTeamCountry "ESP"]

1. d4 Nf6 2. c4 g6 3. Nc3 Bg7 4. Nf3 0-0 5. e4 d6 6. Be2 Bg4 7. h3 Bxf3 8. Bxf3 Nbd7 9. b4 b6 10. Bb2 Rb8 11. Rb1 e5 12. d5 Qe7 13. Qa4 Ra8 14. Nb5 Nb8 15. Nxa7 c5 16. Nc6 Rxa4 17. Nxe7+ Kh8 18. bxc5 bxc5 19. Be2 Rxa2 20. f3 Re8 21. Nc6 Nxc6 22. dxc6 Rc8 23. Kf2 Rxc6 24. Bc1 h6 25. Rb8+ Kh7 26. Be3 Nd7 27. Rb7 Nb6 28. Rc1 f5 29. exf5 gxf5 30. Kf1 f4 31. Bf2 d5 32. cxd5 Nxd5 33. Bd3+ Kg8 34. Bc4 Rd6 35. Bxa2 Kf8 36. Bxc5 1-0

[Event "Tenerife Promocion El Sauzal"]
[Site "Tenerife"]
[Date "2013.11.20"]
[Round "6"]
[White "Perez de la Torre, Jorge"]
[Black "Sosa Sosa, Jose Manuel"]
[Result "1/2-1/2"]
[WhiteElo "1634"]
[BlackElo "1578"]
[PlyCount "65"]
[EventDate "2013.11.11"]
[EventType "swiss"]
[EventRounds "7"]
[EventCountry "ESP"]
[SourceTitle "EXT 2024"]
[Source "ChessBase"]
[SourceDate "2023.10.10"]
[SourceVersion "1"]
[SourceVersionDate "2023.10.10"]
[SourceQuality "1"]

1. d4 d5 2. Nf3 g6 3. Nbd2 Nf6 4. e3 Bg7 5. b4 c6 6. Bb2 0-0 7. c4 dxc4 8. Bxc4 b5 9. Be2 Qd6 10. a3 a5 11. bxa5 Rxa5 12. Nb3 Ra7 13. 0-0 Ne4 14. Qc2 Qd5 15. Bd3 Ng5 16. Nxg5 Qxg5 17. Qc5 Qxc5 18. Nxc5 Nd7 19. Rfc1 e5 20. Nxd7 Rxd7 21. Rxc6 exd4 22. Bxd4 Bxd4 23. exd4 Rxd4 24. Bxb5 Bd7 25. Rb6 Bxb5 26. Rxb5 Ra8 27. g3 Raa4 28. Rb3 Ra7 29. Re3 Kf8 30. h4 h5 31. Kg2 Rda4 32. Kf3 R7a6 33. Ke2 1/2-1/2

[Event "Tenerife Promocion El Sauzal"]
[Site "Tenerife"]
[Date "2013.11.15"]
[Round "3"]
[White "Sosa Sosa, Jose Manuel"]
[Black "Perez Perez, Gabriel"]
[Result "1-0"]
[WhiteElo "1578"]
[BlackElo "1430"]
[PlyCount "85"]
[EventDate "2013.11.11"]
[EventType "swiss"]
[EventRounds "7"]
[EventCountry "ESP"]
[SourceTitle "EXT 2024"]
[Source "ChessBase"]
[SourceDate "2023.10.10"]
[SourceVersion "1"]
[SourceVersionDate "2023.10.10"]
[SourceQuality "1"]

1. d4 Nf6 2. c4 e6 3. Nc3 d5 4. e3 dxc4 5. Bxc4 c5 6. Nf3 cxd4 7. Nxd4 Be7 8. Bb5+ Bd7 9. 0-0 Bxb5 10. Ncxb5 a6 11. Qa4 Nbd7 12. Nc3 b5 13. Qc2 Rc8 14. Qe2 0-0 15. a3 Bxa3 16. Rxa3 b4 17. Rxa6 bxc3 18. bxc3 Rxc3 19. Bb2 Rc8 20. Nc6 Qe8 21. Ba3 Nc5 22. Bxc5 Rxc6 23. Bxf8 Rxa6 24. Qxa6 Qxf8 25. Rc1 Ne8 26. Rc8 Qe7 27. Qc6 Kf8 28. h3 f6 29. Rb8 f5 30. Rb7 Qf6 31. Qc5+ Kg8 32. Qe7 Qxe7 33. Rxe7 Kf8 34. Rxe6 Kf7 35. Rc6 g6 36. f3 Ng7 37. g4 fxg4 38. hxg4 Ne6 39. Kf2 h6 40. f4 h5 41. gxh5 gxh5 42. Kg3 Ng7 43. e4 1-0

[Event "Tenerife-chT-A2"]
[Site "Tenerife"]
[Date "2013.04.06"]
[Round "10.2"]
[White "Iriarte Callejas, Joaquin"]
[Black "Sosa Sosa, Jose Manuel"]
[Result "1-0"]
[WhiteElo "1589"]
[BlackElo "1606"]
[PlyCount "60"]
[EventDate "2013.01.19"]
[EventType "team-tourn"]
[EventRounds "13"]
[EventCountry "ESP"]
[SourceTitle "EXT 2014"]
[Source "ChessBase"]
[SourceDate "2013.11.20"]
[SourceVersion "1"]
[SourceVersionDate "2013.11.20"]
[SourceQuality "1"]
[WhiteTeam "Escuela Ajedrez Casa Venezuela II"]
[BlackTeam "Achinet Gambito de Rey"]
[WhiteTeamCountry "ESP"]
[BlackTeamCountry "ESP"]

1. f4 f5 2. e4 e6 3. e5 d6 4. Nf3 Nc6 5. Bb5 Bd7 6. 0-0 Qe7 7. a4 a6 8. Bxc6 Bxc6 9. d4 0-0-0 10. c4 dxe5 11. Nxe5 Be8 12. Be3 Qb4 13. Qc2 c5 14. Bd2 Qb6 15. a5 Qc7 16. dxc5 Bxc5+ 17. Kh1 g5 18. Bc3 Bd4 19. Nf3 Qxc4 20. Na3 Ba4 21. Nxc4 Bxc2 22. Bxd4 Rxd4 23. Nxd4 Bd3 24. Rfc1 Kb8 25. Rc3 Be4 26. Nd6 Ne7 27. Nxe4 fxe4 28. Nxe6 Nd5 29. Rc5 Nxf4 30. Nxf4 gxf4 1-0